Can You Spot The Animal? - Statistics

General Stats
  • This quiz has been taken 57 times
  • The average score is 18 of 27
Answer Stats
Question Tile Select % Correct
pictures with camouflaged animals in them. No
100%
pictures with camouflaged animals in them. No
96%
pictures with camouflaged animals in them. Yes
94%
pictures with camouflaged animals in them. Yes
92%
pictures with camouflaged animals in them. Yes
90%
pictures with camouflaged animals in them. No
82%
pictures with camouflaged animals in them. No
80%
pictures with camouflaged animals in them. No
78%
pictures with camouflaged animals in them. Yes
78%
pictures with camouflaged animals in them. No
73%
pictures with camouflaged animals in them. No
71%
pictures with camouflaged animals in them. No
71%
pictures with camouflaged animals in them. No
69%
pictures with camouflaged animals in them. Yes
69%
pictures with camouflaged animals in them. No
69%
pictures with camouflaged animals in them. Yes
67%
pictures with camouflaged animals in them. Yes
61%
pictures with camouflaged animals in them. No
57%
pictures with camouflaged animals in them. Yes
55%
pictures with camouflaged animals in them. No
53%
pictures with camouflaged animals in them. Yes
53%
pictures with camouflaged animals in them. Yes
51%
pictures with camouflaged animals in them. Yes
51%
pictures with camouflaged animals in them. No
49%
pictures with camouflaged animals in them. No
43%
pictures with camouflaged animals in them. Yes
43%
pictures with camouflaged animals in them. Yes
39%
No matching quizzes found
Score Distribution
Percent of People with Each Score
Percentile by Number Answered
Your Score History
You have not taken this quiz